000 00461nam a2200181Ia 4500
001 20981
005 20260306172846.0
008 260306t2004||||xx |||||||||||||| ||spa||
041 _aESP
082 _a343.811L
_bC46
100 _aCentro de Estudios Gubernamentales
_eAUT
245 0 _aLey de presupuestos de la República 2004
260 _c2004
300 _aVarias paginaciones
_c28 cm.
650 _aGEN
654 _aCCO
942 _cLIB
_dJUS
_fJUS
_2ddc
_n
999 _c20981
_d20981